Datum a čas kvízu
22
Celkem bodů
Celkový počet nahraných bodů na tomto kvízu bez doplňovacích otázek.
3.
Pořadí na kvízu
Konečné umístění týmu na tomto kvízu.
Zaznamenané odpovědi
| # | Otázka | Odpověď | Body | Výsledky |
|---|---|---|---|---|
| 1. | Z kandidátky Pirátů pro komuná... | 1 | ||
| 2. | Ruský prezident Vladimir Putin... | 1 | ||
| 3. | Výtvarnice Kateřina Milerová n... | 1 | ||
| 4. | Čínské firmy hodlají vzít útok... | 1 | ||
| 5. | V sobotu v jedné zahraniční li... | 1 | ||
| 6. | Míváte občas strach, když proc... | 1 | ||
| 7. | Navážeme ještě na předchozí ot... | 1 | ||
| 8. | Bermudský trojúhelník má nedob... | 1 | ||
| 9. | Dálnice D1 dokáže řidičům také... | 1 | ||
| 10. | Na fotce vidíme ostrov Bikini,... | 1 |